Monumentorum tutela 6. Ochrana pamiatok 6
Na minha lista:
| Formato: | Livro |
|---|---|
| Idioma: | eslovaco |
| Publicado em: |
Bratislava :
Slovenský ústav pamiatkovej starostlivosti a ochrany prírody,
1970
|
| Tags: |
Sem tags, seja o primeiro a adicionar uma tag!
|
MARC
| LEADER | 00000nam a22000003a 4500 | ||
|---|---|---|---|
| 001 | stu253827 | ||
| 005 | 20141121224003.4 | ||
| 008 | 120830s1970------------------------slo-d | ||
| 040 | |a STU |b slo | ||
| 041 | 0 | |a slo | |
| 245 | |a Monumentorum tutela 6. Ochrana pamiatok 6 | ||
| 260 | |a Bratislava : |b Slovenský ústav pamiatkovej starostlivosti a ochrany prírody, |c 1970 | ||
| 300 | |a 360 s | ||
| 996 | |b 284AU05289 |c A*8018/U |l AAKNAR |s A |a 24 |w stu253827_0001 | ||